English for today

Shranjeno v:
Bibliografske podrobnosti
Format: Knjiga
Jezik:Undetermined
Izdano: Thành phố Hồ Chí Minh Tổng hợp 2004
Teme:
Oznake: Označite
Brez oznak, prvi označite!
Thư viện lưu trữ: Trung tâm Học liệu Trường Đại học Cần Thơ
LEADER 00551nam a2200193Ia 4500
001 CTU_194552
008 210402s9999 xx 000 0 und d
082 |a 428 
082 |b E58/Vol.8 
245 0 |a English for today 
260 |a Thành phố Hồ Chí Minh 
260 |b Tổng hợp 
260 |c 2004 
650 |a English language 
650 |x Study and teaching 
904 |i Nguyên 
910 |a Sách có kèm đĩa số AV.003542, AV.003541 
915 |a 400 
980 |a Trung tâm Học liệu Trường Đại học Cần Thơ